000 01561nam a2200313Ia 4500
999 _c64846
_d64846
001 10091353
003 CO-MdFUSB
005 20190815063837.0
008 831103s1980 cau 000 0 eng d
010 _a80066014
020 _a0689110863 (pbk.) :
_c$6.95
040 _aOCO
_dCBC
_dUtOrBLW
_bspa
_cCO-MdFUSB
_erda
041 _aeng
082 _223
_aG 813.54
_bB928
092 _a813.6
_bB86go
100 1 _aBuechner, Frederick,
_d1926-
_eautor
245 1 0 _aGodric
_c/ Frederick Buechner.
264 1 _aSan Francisco, Calif :
_bHarperCollins Publishers,
_c℗[1980]
264 4 _c©1980
300 _a178 páginas :
_c22 cm.
336 _2rdacontent
_atexto
_btxt
337 _2rdamedia
_asin mediación
_bn
338 _2rdacarrier
_avolumen
_bnc
505 _aDe Godric, sus amigos y Reginald -- De la familia de Godric, su juventud y un signo en el mar -- Como Godric dejó su casa -- De pequeño peregrino a como Godric se convirtió en un comerciante prosperado -- Cómo le fue a Godic en la isla sagrada de Farne -- Cómo Godric se encontró con un jabalí y un leproso, y cómo la gente lo buscó en su celda.-- Como Godric se convirtió en una torre de perforación y condujo los mares con el ratón Roger -- Cómo Godric volvió a casa y el sueño de Aedwen. -- Cómo subieron las aguas, y Godric habló de ellas, y el camino a Roma -- De Roma, una doncella y un oso -- Una banda de peregrinos y una despedida en un bosque
563 _aTapa rústica
650 0 _aBiografías cristianas
_91238
942 _cBK